000 01266nam a2200349 a 4500
001 000048199
003 DO-SdBNP
005 20211026114249.0
007 ta
008 181205s2016 dr r 000 0 spa d
040 _aDO-SdBNP
_bspa
_cBNPHU
082 4 _a352.48
_bR426c 2016
_222
110 1 _aRepública Dominicana.
_bDirección General de Presupuesto
_974075
245 1 0 _aConozcamos el presupuesto :
_bpresupuesto ciudadano 2016 /
260 _aSanto Domingo :
_bDirección General de Presupuesto,
_c2016.
300 _a201 p. :
_bil. ;
_c22 cm.
590 _aInventariado, 2019/MFF
650 1 4 _2Lemb
_aRepública Dominicana
_vAdministración pública
_980203
650 1 4 _2Lemb
_aRepública Dominicana
_x Presupuesto
_980204
650 1 4 _2Lemb
_aRepública Dominicana
_xGastos públicos
_980205
700 1 _aCarrasco, Mercedes,
_ecoord.
_974078
700 1 _aMartínez Portes, Carlos,
_ecoord.
_975643
700 1 _aSuero, Pamela
_974077
700 1 _aOrtiz Sanabia, Manuel
_975644
700 1 _aMariñas, María Dolores
_980216
700 1 _aRojas, Katherine
_980217
700 1 _aDíaz, Laura
_980218
700 1 _aMelo, Ivette
_980219
700 1 _aHernández, Cristian
_eil.
_980220
910 _aValidado. Control de calidad. MAA
942 _2ddc
_cLF2
999 _c47687
_d47687